000 00571nam a22001577a 4500
005 20251108165359.0
008 250721s9999 xx 000 0 ara d
082 1 4 _a962/مخت
100 1 _aشعيب، علي عبد المنعم
_eمؤلف
245 1 0 _aالمختصر في تاريخ مصر منذ أقدم العصور حتى الإحتلال البريطاني /
264 1 _aبيروت :
_bدار ابن زيدون للطباعة و النشر و التوزيع،
_c[19-].
300 _a415ص
650 1 7 _aتاريخ مصر
942 _2ddc
_cBK
999 _c26520
_d26520